Chaîne de mots A-Z - Statistiques

Statistiques générales
  • Ce quiz a été pris 881 fois
  • Le résultat moyen est 13 sur 26
Statistiques - réponses
Hint Réponse % Correct
Animal a cornes, ou nom qu'on donne à la barbe vers le menton Bouc
93%
Abrégé du papier toilette PQ
84%
Langue chinoise Mandarin
83%
Pays qui a accueilli la coupe du monde en 2022 Qatar
83%
Légume rose et blanc souvent utilisé comme crudités Radis
80%
La crème solaire permet de se protéger contre les... UV
80%
Notre site préféré Jetpunk
79%
Il peut être enchaîné si on évoque un journal Canard
78%
Elle est folle cette grenouille si on la traduit en anglais Frog
73%
Traduction anglaise de la "vue" View
72%
Marque internationale espagnol de vêtements Zara
67%
Pays submergé par un violent séisme en 2010 Haiti
62%
Anagramme de BACHE, c'est une végétation qui pousse rapidement s'il pleut dans le désert Acheb
61%
Capitale de l'Afghanistan Kaboul
58%
En anglais cela signifie "cire", ce mot est utilisé pour les vêtements Wax
52%
Association de pays qui vend son pétrole OPEP
41%
Plat typique hongrois Goulash
37%
Elle chante Petite Sœur en 2005 Laam
35%
Au cinéma, on a besoin qu'elle soit la en cas de pépin Doublure
17%
Un habitant de la préfecture de l'Indre-et-Loire Tourangeau
15%
Qui est nommé par voie de suffrages Electif
13%
Ecole de Journalisme près de Paris IPJ
7%
On la fête le 4 juillet, Commune de Corse située près de Bastia Saint-Florent
5%
En argot, cela désigne une personne méprisable, ridicule Narvalo
4%
Village des Deux-Sèvres proche de Niort en 8 lettresLe nom du village contient du latin signifiant "A l'interieur de " Xaintray
2%
Synonyme de Produire dans la phrase "Vous produirez un chant modulé" Youtsez
0%
Aucun quiz correspondant
Distribution des résultats
% des personnes avec chaque résultat
Percentile par nombre de réponses
Votre historique - résultats
Vous n’avez pas pris ce quiz